A primer to mechanism in organic chemistry

The book marks a significantly different approach to mechanism in organic chemistry. It is based on three underlying principles: that there are three types of reaction - substitution, addition and elimination; three types of reagent - nucleophiles, electrophiles and radicals; two effects - electroni...

תיאור מלא

שמור ב:
מידע ביבליוגרפי
מחבר ראשי: Peter Sykes
פורמט: ספר
שפה:Undetermined
יצא לאור: London Longman 1995
נושאים:
תגים: הוספת תג
אין תגיות, היה/י הראשונ/ה לתייג את הרשומה!
Thư viện lưu trữ: Trung tâm Học liệu Trường Đại học Cần Thơ
LEADER 01318nam a2200193Ia 4500
001 CTU_19414
008 210402s9999 xx 000 0 und d
082 |a 547 
082 |b S983 
100 |a Peter Sykes 
245 2 |a A primer to mechanism in organic chemistry 
245 0 |c Peter Sykes 
260 |a London 
260 |b Longman 
260 |c 1995 
520 |a The book marks a significantly different approach to mechanism in organic chemistry. It is based on three underlying principles: that there are three types of reaction - substitution, addition and elimination; three types of reagent - nucleophiles, electrophiles and radicals; two effects - electronic and steric - through which the behaviour of a particular atom or group can be influenced by the rest of the molecule of which it is a constituent part. An introductory chapter on basic principles is followed by separate chapters exemplifying each type of reaction initiated by each type reagent. Examples of reactions are used throughout to illustarte the theory, and the careful arrangement of rewaction schemes helps to maximize the clarify of the text. End-of-chapter summarizes reinfirce the comprehension of the key points 
650 |a chemistry, organic 
904 |i Minh, 971031 
980 |a Trung tâm Học liệu Trường Đại học Cần Thơ